02189cam a2200289 a 45000010009000000050017000090080041000260100017000670200030000840200027001140200021001410200024001620280039001860420008002250500019002331000032002522450067002842500012003512600044003633000080004075000086004875040061005735051200006346500024018347000021018587000020018791624099820170208150556.0100518s2012 maua b 001 0 eng  a 2010929007 a9780312593469 (hardcover) a0312593465 (hardcover) a0312663110 (DVD) a9780312663117 (DVD)41aADV 780778bSony Music (DVD video) apcc00aMT6 .K365 20121 aKerman, Joseph,d1924-2014.10aListen /cJoseph Kerman, Gary Tomlinson ; with Vivian Kerman. a7th ed. aBoston :bBedford/St. Martin's,cc2012. axxix, 442 p. :bill. ;c28 cm. +e1 videodisc (DVD : sd., col. ; 4 3/4 in.) aDVD contains 30 minutes of video excerpts and 16 audio tracks, keyed to the text. aIncludes bibliographical references, index and glossary.0 aPreface: To the instructor -- Introduction: To the student -- unit I. Fundamentals. Prelude: A musical thunderstorm / by Richard Wagner ; ch. 1. Rhythm, meter, and tempo ; ch. 2. Pitch, dynamics, and tone color ; ch. 3. Scales and melody ; ch. 4. Harmony, texture, tonality, and mode ; ch. 5. Musical form and musical style -- unit II. Early music: an overview. ch. 6. The Middle Ages ; ch. 7. The Renaissance ; ch. 8. The early Baroque period -- unit III. The eighteenth century. ch. 9. Prelude: The late Baroque period ; ch. 10. Baroque instrumental music ; ch. 11. Baroque vocal music ; ch. 12. Prelude: Music and the Enlightenment ; ch. 13. The symphony ; ch. 14. Other classical genres -- unit IV. The nineteenth century. ch. 15. Beethoven ; ch. 16. Prelude: Music after Beethoven: Romanticism ; ch. 17. The early Romantics ; ch. 18. Romantic opera ; ch. 19. The late Romantics -- unit V. The twentieth century and beyond. ch. 20. Prelude: Music and Modernism ; ch. 21. Early Modernism ; ch. 22. Alternatives to Modernism ; ch. 23. The late twentieth century ; ch. 24. Music in America: jazz and beyond -- Appendix A. Time lines -- Appendix B. Musical notation -- Glossary of musical terms. 0aMusic appreciation.1 aTomlinson, Gary.1 aKerman, Vivian.